| Tag |
First Indicator |
Second Indicator |
Subfields |
| LEADER |
00000uam a2200000 a 4500 |
| 001 |
in00004215621 |
| 005 |
20260128152753.0 |
| 006 |
m o d |
| 007 |
cr cn |
| 008 |
060613s2010 xx o eng |
| 020 |
|
|
|z 9781430219101
|
| 020 |
|
|
|z 1430219106
|
| 035 |
|
|
|a (CaSebORM)9781430219101
|
| 040 |
|
|
|d UtOrBLW
|
| 041 |
0 |
|
|a eng
|
| 100 |
1 |
|
|a Solis, Daniel,
|e author.
|
| 245 |
1 |
0 |
|a Illustrated WPF /
|c Solis, Daniel.
|
| 250 |
|
|
|a 1st edition.
|
| 264 |
|
1 |
|b Apress,
|c 2010.
|
| 300 |
|
|
|a 1 online resource (527 pages)
|
| 336 |
|
|
|a text
|b txt
|2 rdacontent
|
| 337 |
|
|
|a computer
|b c
|2 rdamedia
|
| 338 |
|
|
|a online resource
|b cr
|2 rdacarrier
|
| 347 |
|
|
|a text file
|
| 520 |
|
|
|a Windows Presentation Foundation is Microsoft's newest API for creating Windows applications. It gives the programmer the ability to produce dazzling, graphics-rich programs easily without having to delve into the messy details of the graphics subsystem. To use this power, however, the programmer must learn new concepts for laying out pages and displaying graphics. Illustrated WPF presents these concepts clearly and visually-making them easier to understand and retain.
|
| 533 |
|
|
|a Electronic reproduction.
|b Boston, MA :
|c Safari,
|n Available via World Wide Web.
|
| 538 |
|
|
|a Mode of access: World Wide Web.
|
| 542 |
|
|
|f Copyright © Apress
|
| 588 |
|
|
|a Online resource; Title from title page (viewed September 12, 2010)
|
| 500 |
|
|
|a Electronic resource.
|
| 655 |
|
7 |
|a Electronic books.
|2 local
|
| 710 |
2 |
|
|a Safari, an O'Reilly Media Company.
|
| 856 |
4 |
0 |
|u https://proxy.library.tamu.edu/login?url=https://go.oreilly.com/TAMU/library/view/-/9781430219101/?ar
|z Connect to this electronic resource
|t 0
|
| 999 |
f |
f |
|s 3b679b0b-efd0-3b50-b343-e7c4c499b79f
|i 8c99d470-1ac0-3d67-a52d-2b1d8e18dbba
|t 0
|
| 952 |
f |
f |
|a Texas A&M University
|b College Station
|c Electronic Resources
|s www_evans
|d Available Online
|t 0
|h No information provided
|
| 998 |
f |
f |
|t 0
|l Available Online
|